000 00774nam a2200253 a 4500
001 5255
003 BD-RjUL
005 20211208234034.0
008 131224r19631962nyu b 000 0 eng
035 _a(BD-RjUL)5291
040 _aDLC
_cDLC
_dm.c
_dBD-RjUL
_beng
041 _aeng
082 0 4 _223
_a364.08
_bSOC 1963
245 1 4 _aThe sociology of crime and delinquency /
_cedited by Marvin E. Wolfgang, Leonard Savitz [and] Norman Johnston
260 _aNew York :
_bWiley,
_c1962 [printing 1963].
300 _a423 p. ;
_c26 cm
504 _aIncludes bibliography
650 0 _aCrime
_916524
650 0 _aJuvenile delinquency
_916525
700 1 _aWolfgang, Marvin E.
_915975
700 1 _aSavits, Lwonard
_916526
700 1 _aJohnston norman
_916527
942 _2ddc
_cBK
999 _c5255
_d5255